000 00950cab a2200277 4500
001 ABS46346
008 090401t1992 xxu||||| |||| 00| 0 eng d
035 _a(Sirsi) u57908
041 _aeng
100 _aEvans, B.
245 _aPrefab refurb: mathematical tiles
260 _c1992
350 _a0
490 _aArchitects` Journal
_v195(21) May 1992, 43-46(4)
520 _aPeter Bell & Partners have devised a solution to the refurbishment of post- war prefabs, the aluminium shells of which are generally showing signs of deterioration. The proposed method is an overcladding of mathematical tiles. A cost analysis is included.
650 _aBUILT ENVIRONMENT-BUILDING COSTS
650 _aCLADDING
650 _aCOST ANALYSIS
650 _aMATHEMATICAL TILES
650 _aOVERCLADDING
650 _aPREFABRICATED HOUSES
650 _aTEMPORARY HOUSES
690 _aRefurbishment
_96264
942 _n0
948 _c04/03/1997
999 _c35353
_d35353